| 000 | 00808nam a2200265Ia 4500 | ||
|---|---|---|---|
| 003 | OSt | ||
| 005 | 20220925223528.0 | ||
| 006 | a|||||r|||| 00| 0 | ||
| 007 | ta | ||
| 008 | 220923b |||||||| |||| 00| 0 eng d | ||
| 020 |
_a9780415771795 _c7829.5200000000004 |
||
| 037 |
_b63, 02/12/2009, Indu Book Services _cGeneral Book |
||
| 040 |
_aRTL _cRTL _beng |
||
| 041 |
_2eng _aeng |
||
| 082 | _aX:(Z), P7 | ||
| 100 |
_aSamuels Warren J. _9233418 |
||
| 245 | 0 | _aLegal-economic nexus. | |
| 260 |
_aLondon _bRoutledge _c2007 |
||
| 300 |
_axv, 491p _ccm. |
||
| 490 | _aEconomics of Legal Relationships | ||
| 500 | _aBibliography chapterwise | ||
| 650 | _aEconomics | ||
| 942 |
_hX:(Z), P7 _cGB _2CC |
||
| 999 |
_c579815 _d579815 |
||